[Event "LSV Turm Lippstadt 1 - SV Letmathe 1"]
[Site "NRW-Klasse. Gruppe 2 2017/201"]
[Date "2017.12.17"]
[Round "4.2"]
[White "Wagner, Alexej"]
[Black "Podzielny, Karl-Heinz"]
[Result "1/2-1/2"]
[WhiteElo "2199"]
[BlackElo "2350"]
[PlyCount "104"]
[EventDate "2017.??.??"]
[WhiteTeam "LSV Turm Lippstadt 1"]
[BlackTeam "SV Letmathe 1"]

1. d4 Nf6 2. c4 g6 3. Nc3 Bg7 4. e4 d6 5. Nf3 O-O 6. Be2 e5 7. d5 Na6 8. O-O
Nc5 9. Qc2 c6 10. b4 Na6 11. Rb1 cxd5 12. cxd5 Bd7 13. Be3 Ng4 14. Bg5 f6 15.
Bd2 Rc8 16. h3 Nh6 17. Qb3 Nf7 18. Qa3 Bh6 19. Bxh6 Nxh6 20. Rfc1 Qb6 21. Qb3
Nf7 22. a4 f5 23. Nd2 Qd8 24. Nb5 Qg5 25. Rd1 Bxb5 26. axb5 Nb8 27. Qe3 Qxe3
28. fxe3 Nd7 29. Ra1 Nb6 30. Rxa7 Rc7 31. Nb3 Ng5 32. exf5 gxf5 33. Rc1 Rg7 34.
Na5 Rb8 35. Kh2 Ne4 36. Bd3 Kh8 37. Nb3 Nxd5 38. Bxe4 fxe4 39. Re1 Rbg8 40. g4
Nxb4 41. Na5 Nd3 42. Rf1 b6 43. Rxg7 Kxg7 44. Nc4 d5 45. Nxb6 Rd8 46. Rb1 d4
47. Nc4 Kf6 48. b6 Ke6 49. b7 Rb8 50. Rb5 dxe3 51. Nxe3 Kd6 52. Kg3 Kc6 1/2-1/2

[Event "LSV Turm Lippstadt 1 - SV Letmathe 1"]
[Site "NRW-Klasse. Gruppe 2 2017/201"]
[Date "2017.12.17"]
[Round "4.3"]
[White "Adamski, Jan"]
[Black "Hecht, Carsten"]
[Result "1/2-1/2"]
[WhiteElo "2229"]
[BlackElo "2228"]
[PlyCount "35"]
[EventDate "2017.??.??"]
[WhiteTeam "SV Letmathe 1"]
[BlackTeam "LSV Turm Lippstadt 1"]

1. Nf3 Nf6 2. c4 g6 3. Nc3 d5 4. cxd5 Nxd5 5. Qa4+ Bd7 6. Qh4 Nxc3 7. dxc3 Nc6
8. e4 e5 9. Bg5 Be7 10. Bc4 h5 11. Bxe7 Qxe7 12. Qxe7+ Kxe7 13. O-O-O Rad8 14.
Bd5 f6 15. Nh4 Rh6 16. Rd2 Be6 17. Bxe6 Rxd2 18. Kxd2 1/2-1/2

[Event "LSV Turm Lippstadt 1 - SV Letmathe 1"]
[Site "NRW-Klasse. Gruppe 2 2017/201"]
[Date "2017.12.17"]
[Round "4.4"]
[White "Kruse, Janik"]
[Black "Soukup, Jiri"]
[Result "0-1"]
[WhiteElo "2051"]
[BlackElo "2355"]
[PlyCount "70"]
[EventDate "2017.??.??"]
[WhiteTeam "LSV Turm Lippstadt 1"]
[BlackTeam "SV Letmathe 1"]

1. d4 Nf6 2. c4 e6 3. Nc3 Bb4 4. e3 O-O 5. Nge2 Re8 6. a3 Bf8 7. g3 d5 8. Bg2
c6 9. b3 b6 10. a4 Ba6 11. cxd5 Bb4 12. Bd2 exd5 13. O-O Qe7 14. Qc2 Nbd7 15.
Rfc1 Rac8 16. Nf4 g5 17. Nd3 Bd6 18. a5 Bb7 19. a6 Ba8 20. b4 Ne4 21. Be1 Ndf6
22. Na4 g4 23. b5 Qd7 24. Qb2 cxb5 25. Nc3 Nxc3 26. Bxc3 Ne4 27. Bb4 Bb8 28.
Qe2 Rc4 29. Bf1 Ng5 30. Qb2 Qf5 31. Ne1 Nh3+ 32. Bxh3 gxh3 33. Ba3 Bc6 34. Qe2
Bd7 35. Qf3 Qg5 0-1

[Event "LSV Turm Lippstadt 1 - SV Letmathe 1"]
[Site "NRW-Klasse. Gruppe 2 2017/201"]
[Date "2017.12.17"]
[Round "4.5"]
[White "Gruermann, Martin"]
[Black "Grobbel, Rainer"]
[Result "1-0"]
[WhiteElo "2201"]
[BlackElo "2116"]
[PlyCount "75"]
[EventDate "2017.??.??"]
[WhiteTeam "SV Letmathe 1"]
[BlackTeam "LSV Turm Lippstadt 1"]

1. e4 c5 2. Nf3 Nc6 3. Bb5 Nd4 4. Nxd4 cxd4 5. c3 a6 6. Ba4 dxc3 7. Nxc3 b5 8.
Bb3 Bb7 9. a3 e6 10. O-O Nf6 11. e5 Ne4 12. Qg4 f5 13. Qe2 Bc5 14. Nxe4 Bxe4
15. d3 Bb7 16. Be3 Bxe3 17. Qxe3 O-O 18. f4 Bc6 19. Rac1 Qc7 20. Rc2 Rfc8 21.
Rfc1 Qb7 22. Qd4 Kf7 23. Qd6 Re8 24. Rxc6 dxc6 25. Rxc6 Re7 26. Bxe6+ Kf8 27.
Bxf5 Qa7+ 28. d4 g6 29. Qf6+ Rf7 30. Qh8+ Ke7 31. Re6+ Kd7 32. Rf6+ Ke7 33.
Rxf7+ Kxf7 34. Qxh7+ Kf8 35. Qh8+ Ke7 36. Qg7+ Kd8 37. Qf8+ Kc7 38. Qd6+ 1-0

[Event "LSV Turm Lippstadt 1 - SV Letmathe 1"]
[Site "NRW-Klasse. Gruppe 2 2017/201"]
[Date "2017.12.17"]
[Round "4.6"]
[White "Kettler, Ilija Jonas"]
[Black "Haude, Ruediger"]
[Result "0-1"]
[WhiteElo "2063"]
[BlackElo "2043"]
[PlyCount "28"]
[EventDate "2017.??.??"]
[WhiteTeam "LSV Turm Lippstadt 1"]
[BlackTeam "SV Letmathe 1"]

1. e4 d5 2. exd5 Nf6 3. d4 Nxd5 4. c4 Nb6 5. Nc3 e5 6. dxe5 Qxd1+ 7. Kxd1 Nc6
8. Nb5 Bg4+ 9. f3 O-O-O+ 10. Ke1 Be6 11. b3 Bb4+ 12. Ke2 a6 13. a3 Bc5 14. Nc3
Nd4+ 0-1

[Event "LSV Turm Lippstadt 1 - SV Letmathe 1"]
[Site "NRW-Klasse. Gruppe 2 2017/201"]
[Date "2017.12.17"]
[Round "4.7"]
[White "Pfleger, Sascha"]
[Black "Finke, Tobias"]
[Result "0-1"]
[WhiteElo "1999"]
[BlackElo "1949"]
[Annotator "Daniel"]
[PlyCount "104"]
[EventDate "2017.??.??"]
[WhiteTeam "SV Letmathe 1"]
[BlackTeam "LSV Turm Lippstadt 1"]

1. d4 c5 2. d5 e6 3. e4 Nf6 4. Nc3 exd5 5. exd5 d6 6. Be2 Be7 7. Nf3 O-O 8. Nd2
b6 9. Nc4 Ba6 10. Bf4 b5 11. Ne3 b4 12. Nb1 Re8 13. Bxa6 Nxa6 14. Nd2 Nc7 15.
Qf3 Nb5 16. O-O Qd7 17. Ndc4 Bf8 18. a4 Nd4 19. Qd1 Nf5 20. Qd3 Nxe3 21. Bxe3
Qg4 22. Rad1 Qh5 23. f3 Qg6 24. Qxg6 hxg6 25. Kf2 Rad8 26. g4 Nd7 27. b3 Be7
28. Bf4 Nb6 29. Nxb6 axb6 30. Rfe1 Bh4+ 31. Bg3 Bxg3+ 32. hxg3 Kf8 33. f4 g5
34. Kf3 gxf4 35. gxf4 g6 36. Rh1 Kg7 37. Rd2 Rh8 38. Rdh2 Rxh2 39. Rxh2 b5 40.
axb5 Rb8 41. Re2 Kf8 42. f5 gxf5 43. gxf5 Kg7 44. Kf4 Kf6 45. Rh2 Kg7 46. Re2
Kf6 47. Re1 Rxb5 48. Ra1 Rb8 $11 49. Rh1 Kg7 50. Rh3 Re8 51. Re3 Rxe3 52. Kxe3
Kh6 0-1

[Event "LSV Turm Lippstadt 1 - SV Letmathe 1"]
[Site "NRW-Klasse. Gruppe 2 2017/201"]
[Date "2017.12.17"]
[Round "4.8"]
[White "Fecke, Andreas"]
[Black "Hunold, Rolf"]
[Result "1-0"]
[WhiteElo "2059"]
[BlackElo "1943"]
[PlyCount "89"]
[EventDate "2017.??.??"]
[WhiteTeam "LSV Turm Lippstadt 1"]
[BlackTeam "SV Letmathe 1"]

1. e4 c5 2. Nf3 e6 3. d3 Nc6 4. Nbd2 d5 5. Be2 Nf6 6. O-O Be7 7. c3 Qc7 8. Re1
O-O 9. Bf1 b6 10. a3 Ba6 11. e5 Nd7 12. d4 Bxf1 13. Nxf1 b5 14. Bf4 a5 15. Re3
b4 16. Ng5 cxd4 17. cxd4 Bxg5 18. Bxg5 Rfe8 19. Qg4 Ne7 20. Bxe7 Rxe7 21. axb4
Ree8 22. bxa5 Rxa5 23. Rxa5 Qxa5 24. h4 Qb4 25. b3 Rc8 26. Ng3 Rc3 27. Rxc3
Qxc3 28. Qd1 Kf8 29. Ne2 Qb4 30. g3 g6 31. Kg2 f6 32. f4 Ke7 33. Kf2 f5 34. Qd3
Nb8 35. Qc3 Na6 36. Qc8 Qa3 37. Qb7+ Kd8 38. Qxh7 Nb4 39. Qg8+ Ke7 40. Qg7+ Kd8
41. Qf8+ Kd7 42. Qd6+ Kc8 43. Qxe6+ Kb7 44. Qd7+ Kb6 45. Qa4 1-0

[Event "SF Essen-Katernberg  2 - SG Ennepe-Ruhr"]
[Site "NRW-Klasse. Gruppe 2 2017/201"]
[Date "2017.12.17"]
[Round "4.1"]
[White "Lupor, Stefan"]
[Black "Bee, Marcus"]
[Result "1-0"]
[WhiteElo "2256"]
[BlackElo "2110"]
[PlyCount "75"]
[EventDate "2017.??.??"]
[WhiteTeam "SG Ennepe-Ruhr-Süd 1"]
[BlackTeam "SF Essen-Katernberg  2"]

1. e4 g6 2. d4 Bg7 3. Nc3 c6 4. f4 d5 5. e5 h5 6. Be3 Nh6 7. h3 Bf5 8. Nf3 e6
9. Be2 Bf8 10. O-O Be7 11. Ng5 h4 12. Qd2 f6 13. exf6 Bxf6 14. Bd3 Nf7 15. Rae1
Nxg5 16. fxg5 Bg7 17. Bxf5 exf5 18. Bf4+ Kf7 19. Be5 Bxe5 20. dxe5 Na6 21. e6+
Ke7 22. Ne2 Qd6 23. Nf4 Rag8 24. c4 d4 25. Rd1 c5 26. Rde1 Nc7 27. a3 Rh7 28.
Qd3 Ke8 29. Qf3 Qc6 30. Qf2 Kd8 31. b4 Kc8 32. Re5 b6 33. bxc5 bxc5 34. Rfe1
Re7 35. Qxh4 Rge8 36. Qh6 Nxe6 37. Nd5 Rb7 38. Qxg6 1-0

[Event "SF Essen-Katernberg  2 - SG Ennepe-Ruhr"]
[Site "NRW-Klasse. Gruppe 2 2017/201"]
[Date "2017.12.17"]
[Round "4.2"]
[White "Gassmann, Volker"]
[Black "Lupor, André"]
[Result "1-0"]
[WhiteElo "2109"]
[BlackElo "2219"]
[PlyCount "75"]
[EventDate "2017.??.??"]
[WhiteTeam "SF Essen-Katernberg  2"]
[BlackTeam "SG Ennepe-Ruhr-Süd 1"]

1. d4 Nf6 2. c4 e6 3. Nc3 Bb4 4. Qc2 O-O 5. Nf3 d5 6. cxd5 Qxd5 7. e3 c5 8. Bd2
Bxc3 9. Bxc3 cxd4 10. Bxd4 Nc6 11. Bc3 e5 12. Be2 Bg4 13. O-O Rac8 14. Rfd1 Qc5
15. Qa4 Rfe8 16. Rac1 Qe7 17. h3 Bh5 18. Kf1 a6 19. a3 Nd7 20. Bb4 Qd8 21. Be1
Qc7 22. g4 Bg6 23. Nh4 Nf8 24. Nxg6 Nxg6 25. Qe4 Qe7 26. Bxa6 bxa6 27. Rxc6 Qh4
28. Kg2 Qg5 29. Rxc8 Rxc8 30. Qb7 Rf8 31. Bb4 Re8 32. Qc6 Rb8 33. Qc7 Re8 34.
Ba5 Nh4+ 35. Kg3 Nf5+ 36. Kh2 Qh4 37. Kg2 Qg5 38. Rd8 1-0

[Event "SF Essen-Katernberg  2 - SG Ennepe-Ruhr"]
[Site "NRW-Klasse. Gruppe 2 2017/201"]
[Date "2017.12.17"]
[Round "4.3"]
[White "Arndt, Stefan"]
[Black "Dette, Jan"]
[Result "1-0"]
[WhiteElo "2161"]
[BlackElo "2035"]
[PlyCount "49"]
[EventDate "2017.??.??"]
[WhiteTeam "SG Ennepe-Ruhr-Süd 1"]
[BlackTeam "SF Essen-Katernberg  2"]

1. e4 e6 2. d4 d5 3. Nd2 dxe4 4. Nxe4 Bd7 5. Nf3 Bc6 6. Bd3 Nd7 7. O-O Ngf6 8.
Neg5 Bd6 9. Re1 O-O 10. Ne5 h6 11. Ngf3 Bxf3 12. Qxf3 c6 13. Qg3 Ne8 14. Bxh6
f6 15. Qg6 fxe5 16. Qh7+ Kf7 17. Bg6+ Kf6 18. Bxe8 gxh6 19. Bxd7 Rh8 20. dxe5+
Bxe5 21. Qe4 Bxh2+ 22. Kxh2 Qxd7 23. Qe5+ Kf7 24. Rad1 Qe7 25. Qf4+ 1-0

[Event "SF Essen-Katernberg  2 - SG Ennepe-Ruhr"]
[Site "NRW-Klasse. Gruppe 2 2017/201"]
[Date "2017.12.17"]
[Round "4.4"]
[White "Schimnatkowski, Lukas"]
[Black "Tripolsky, Eugen"]
[Result "1-0"]
[WhiteElo "2031"]
[BlackElo "2214"]
[PlyCount "131"]
[EventDate "2017.??.??"]
[WhiteTeam "SF Essen-Katernberg  2"]
[BlackTeam "SG Ennepe-Ruhr-Süd 1"]

1. e4 c5 2. Nf3 d6 3. c3 Nf6 4. d3 g6 5. g3 Bg7 6. Bg2 O-O 7. Nbd2 Nc6 8. O-O
Rb8 9. Re1 e5 10. a3 b5 11. b4 a5 12. Rb1 cxb4 13. axb4 axb4 14. cxb4 d5 15.
Qc2 Bb7 16. Ba3 Ra8 17. Qc1 Ra4 18. Nb3 dxe4 19. dxe4 Qa8 20. Nc5 Rxa3 21. Nxb7
Rc8 22. Nc5 Qa7 23. Nb3 Ra2 24. Qc5 Qb7 25. Bh3 Rd8 26. Bf1 Rb8 27. Nxe5 Nxe5
28. Qxe5 Rxf2 29. Qxb5 Rxf1+ 30. Qxf1 Nxe4 31. Qf4 f5 32. h3 Qxb4 33. Kh2 Re8
34. Nd2 Qa4 35. Nxe4 fxe4 36. Rf1 Qc2+ 37. Kh1 Qc4 38. Rb4 Qe6 39. Rb8 Qxh3+
40. Kg1 Qe6 41. Rxe8+ Qxe8 42. Re1 Qe5 43. Qxe5 Bxe5 44. Kg2 h5 45. Rxe4 Bf6
46. Ra4 Kf7 47. Kf3 g5 48. Ke4 h4 49. g4 Bc3 50. Ra7+ Ke6 51. Ra6+ Ke7 52. Ra2
Ke6 53. Rc2 Be1 54. Rc6+ Kd7 55. Rc5 Bg3 56. Rxg5 Ke6 57. Rg6+ Kf7 58. Rh6 Kg7
59. g5 Be1 60. Kf5 Bf2 61. Rd6 h3 62. Rh6 Bd4 63. Rxh3 Kg8 64. Kg6 Kf8 65. Rb3
Ke7 66. Kh7 1-0

[Event "SF Essen-Katernberg  2 - SG Ennepe-Ruhr"]
[Site "NRW-Klasse. Gruppe 2 2017/201"]
[Date "2017.12.17"]
[Round "4.6"]
[White "Neuer, Thomas"]
[Black "Heller, Achim"]
[Result "1/2-1/2"]
[WhiteElo "2111"]
[BlackElo "2055"]
[PlyCount "46"]
[EventDate "2017.??.??"]
[WhiteTeam "SF Essen-Katernberg  2"]
[BlackTeam "SG Ennepe-Ruhr-Süd 1"]

1. Nf3 d5 2. g3 Nf6 3. Bg2 c6 4. c4 dxc4 5. O-O b5 6. a4 Bb7 7. b3 cxb3 8. Qxb3
a6 9. Ba3 Qb6 10. Rc1 Nbd7 11. d4 e6 12. Bxf8 Nxf8 13. Nbd2 N8d7 14. e4 O-O 15.
e5 Nd5 16. Ne4 a5 17. Rab1 b4 18. Qc2 Rfc8 19. Nd6 Rc7 20. Nxf7 Kxf7 21. Ng5+
Ke7 22. Qxh7 Nf8 23. Qxg7+ Ke8 1/2-1/2

[Event "SF Essen-Katernberg  2 - SG Ennepe-Ruhr"]
[Site "NRW-Klasse. Gruppe 2 2017/201"]
[Date "2017.12.17"]
[Round "4.7"]
[White "Bruchmann, Norbert"]
[Black "Nautsch, Werner"]
[Result "1-0"]
[WhiteElo "1997"]
[BlackElo "2065"]
[PlyCount "143"]
[EventDate "2017.??.??"]
[WhiteTeam "SG Ennepe-Ruhr-Süd 1"]
[BlackTeam "SF Essen-Katernberg  2"]

1. e4 c5 2. Nc3 Nc6 3. f4 e6 4. Nf3 d5 5. Bb5 d4 6. Bxc6+ bxc6 7. Nb1 Nf6 8. d3
Be7 9. O-O O-O 10. Qe1 Nd7 11. Nbd2 f6 12. b3 Qc7 13. g3 Nb6 14. a4 Bd7 15. Ba3
Rae8 16. a5 Nc8 17. Nc4 Rf7 18. Nb2 Qb8 19. Na4 Qb5 20. Bc1 Bd8 21. Bd2 Nd6 22.
Nb2 Qb8 23. Ra4 Nb5 24. Nc4 Bc7 25. Qa1 Qd8 26. a6 e5 27. f5 g6 28. Nh4 Kg7 29.
Qe1 Qe7 30. g4 Rh8 31. Qe2 g5 32. Nf3 Kg8 33. Rf2 h5 34. gxh5 Rfh7 35. Rg2 Rxh5
36. Ra1 Be8 37. Kh1 Qh7 38. Rag1 Bd8 39. Na5 Rh3 40. Rg3 Nc7 41. Qg2 Rxg3 42.
Qxg3 Nxa6 43. Nc4 Kf8 44. Ba5 Bxa5 45. Nxa5 Nb4 46. Nxe5 Qh3 47. Ng4 Qxg3 48.
Rxg3 Ke7 49. Nb7 Nxc2 50. Nxc5 Bf7 51. Rg2 Nb4 52. Rg1 Rh4 53. Nf2 Kd6 54. Rc1
Rf4 55. Kg2 Bh5 56. Rc4 a5 57. Ne6 Rh4 58. Rxd4+ Ke5 59. Rd8 c5 60. Rc8 Nxd3
61. Nxd3+ Kxe4 62. Nexc5+ Kxf5 63. Nf2 Rf4 64. Ncd3 Rd4 65. Rc5+ Kg6 66. Rxa5
Be2 67. Nc5 f5 68. Ra2 Bb5 69. h3 Bc6+ 70. Kh2 g4 71. hxg4 fxg4 72. Ra6 1-0

[Event "SF Essen-Katernberg  2 - SG Ennepe-Ruhr"]
[Site "NRW-Klasse. Gruppe 2 2017/201"]
[Date "2017.12.17"]
[Round "4.8"]
[White "Rosen, Willy"]
[Black "Schaefer, Martin"]
[Result "1/2-1/2"]
[WhiteElo "2084"]
[BlackElo "1947"]
[PlyCount "117"]
[EventDate "2017.??.??"]
[WhiteTeam "SF Essen-Katernberg  2"]
[BlackTeam "SG Ennepe-Ruhr-Süd 1"]

1. e4 c5 2. Nc3 g6 3. f4 Bg7 4. Nf3 Nc6 5. Bb5 Nd4 6. O-O Nh6 7. d3 a6 8. Bc4
b5 9. Bb3 Nxb3 10. axb3 Bb7 11. Qe1 f5 12. e5 d5 13. d4 c4 14. b4 e6 15. h3 Nf7
16. Ne2 Qe7 17. Bd2 Nd8 18. g4 Nc6 19. gxf5 gxf5 20. Kh2 Kd7 21. Rg1 Rag8 22.
c3 Bf8 23. Rxg8 Rxg8 24. Qh1 Rg6 25. Be1 Qd8 26. Bh4 Be7 27. Bxe7 Qxe7 28. Rg1
a5 29. Rxg6 hxg6 30. bxa5 Ba6 31. Qg1 Qh7 32. Qg5 Nxa5 33. Qf6 Nc6 34. Qxe6+
Kxe6 35. Ng5+ Ke7 36. Nxh7 b4 37. Nf6 Ke6 38. Kg3 Bb5 39. Kf2 Ba4 40. Ke1 Bc2
41. Kd2 b3 42. h4 Ne7 43. Ng1 Kf7 44. Nf3 Kg7 45. Ng5 Be4 46. Ke3 Kf8 47. Ne6+
Kf7 48. Nc7 Kg7 49. Kf2 Kf7 50. Kg3 Bh1 51. Kf2 Be4 52. Ke3 Bh1 53. h5 gxh5 54.
Nxh5 Be4 55. Nf6 Bh1 56. Kf2 Kg6 57. Kg3 Kh6 58. Kh2 Bf3 59. Kg3 1/2-1/2

[Event "SC Siegburg 1 - SVG Plettenberg 1"]
[Site "NRW-Klasse. Gruppe 2 2017/201"]
[Date "2017.12.17"]
[Round "4.1"]
[White "Haub, Thorsten Michael"]
[Black "Zinchenko, Yaroslav"]
[Result "1/2-1/2"]
[WhiteElo "2368"]
[BlackElo "2527"]
[PlyCount "34"]
[EventDate "2017.??.??"]
[WhiteTeam "SVG Plettenberg 1"]
[BlackTeam "SC Siegburg 1"]

1. Nf3 Nf6 2. g3 g6 3. b4 Bg7 4. Bb2 d6 5. Bg2 O-O 6. O-O e5 7. d3 a5 8. b5
Nbd7 9. c4 Nc5 10. Nc3 Bf5 11. d4 exd4 12. Nxd4 Bd7 13. Nb3 Be6 14. Nxc5 dxc5
15. Bxb7 Rb8 16. Bc6 Qxd1 17. Rfxd1 Bxc4 1/2-1/2

[Event "SC Siegburg 1 - SVG Plettenberg 1"]
[Site "NRW-Klasse. Gruppe 2 2017/201"]
[Date "2017.12.17"]
[Round "4.2"]
[White "Arzumanian, Georgy"]
[Black "Bosch, Jeroen"]
[Result "1/2-1/2"]
[WhiteElo "2393"]
[BlackElo "2409"]
[PlyCount "85"]
[EventDate "2017.??.??"]
[WhiteTeam "SC Siegburg 1"]
[BlackTeam "SVG Plettenberg 1"]

1. e4 c5 2. Nf3 d6 3. d4 cxd4 4. Nxd4 Nf6 5. Nc3 g6 6. Be2 Bg7 7. O-O Nc6 8.
Nb3 O-O 9. Re1 Be6 10. Bf1 d5 11. exd5 Nxd5 12. Nxd5 Qxd5 13. Qxd5 Bxd5 14. c3
Rfd8 15. Bg5 f6 16. Be3 e5 17. Rad1 Bf7 18. Bb5 Bf8 19. Bxc6 bxc6 20. Na5 c5
21. b3 Be6 22. Rxd8 Rxd8 23. Nb7 Rc8 24. Rd1 Be7 25. c4 a6 26. Nd6 Rc6 27. Ne4
Kf7 28. Nc3 Rc8 29. f4 exf4 30. Bxf4 g5 31. Be3 f5 32. g3 h6 33. Rd2 Bf6 34.
Na4 Be7 35. Nb2 Bf8 36. Nd3 Be7 37. Re2 Bd6 38. Rd2 Be7 39. Kf1 Ke8 40. Ke1 Kf7
41. Re2 Bd6 42. Bc1 Ke7 43. Kf2 1/2-1/2

[Event "SC Siegburg 1 - SVG Plettenberg 1"]
[Site "NRW-Klasse. Gruppe 2 2017/201"]
[Date "2017.12.17"]
[Round "4.4"]
[White "Schmidt, Bodo"]
[Black "Klip, Hans"]
[Result "1-0"]
[WhiteElo "2285"]
[BlackElo "2302"]
[PlyCount "45"]
[EventDate "2017.??.??"]
[WhiteTeam "SC Siegburg 1"]
[BlackTeam "SVG Plettenberg 1"]

1. d4 f5 2. g3 Nf6 3. Bg2 g6 4. c3 Nc6 5. Nd2 Bg7 6. Qb3 e6 7. Nh3 O-O 8. O-O
Kh8 9. Nf4 Qe7 10. e4 fxe4 11. Nxe4 Nxe4 12. Bxe4 e5 13. Nd5 Qd8 14. h4 d6 15.
Bg5 Qd7 16. dxe5 Nxe5 17. Qd1 Qf7 18. Kg2 c6 19. Ne7 Be6 20. Qxd6 Rad8 21.
Nxg6+ Qxg6 22. Qxe5 Bd5 23. Qxd5 1-0

[Event "SC Siegburg 1 - SVG Plettenberg 1"]
[Site "NRW-Klasse. Gruppe 2 2017/201"]
[Date "2017.12.17"]
[Round "4.5"]
[White "Schulze, Marc"]
[Black "Kolkin, Michail"]
[Result "1/2-1/2"]
[WhiteElo "2153"]
[BlackElo "2304"]
[Annotator "Daniel"]
[PlyCount "85"]
[EventDate "2017.??.??"]
[WhiteTeam "SVG Plettenberg 1"]
[BlackTeam "SC Siegburg 1"]

1. d4 d5 2. Bf4 Nf6 3. Nf3 e6 4. e3 Bd6 5. Bg3 c5 6. c3 Nc6 7. Nbd2 Bxg3 8.
hxg3 Qd6 9. Bd3 h6 10. Qe2 Bd7 11. dxc5 Qxc5 12. e4 dxe4 13. Nxe4 Nxe4 14. Bxe4
Rd8 15. O-O O-O 16. Rfd1 Bc8 17. Rxd8 Rxd8 18. Rd1 Rxd1+ 19. Qxd1 g6 20. Bxc6
Qxc6 21. Qd8+ Kg7 22. Ne5 Qd5 23. Qxd5 exd5 $11 24. Kf1 Kf6 25. Nf3 Bf5 26. Nd4
Bd7 27. Ke2 Ke5 28. Ke3 Kd6 29. Nb3 Bb5 30. Nd2 b6 31. Kd4 h5 32. Nf3 Bf1 33.
Ne5 Ke6 34. Nd3 Bxd3 35. Kxd3 Ke5 36. a4 a6 37. b4 b5 38. axb5 axb5 39. Ke3 f6
40. Kd3 Ke6 41. Kd4 Kd6 42. Kd3 Ke6 43. Kd4 1/2-1/2

[Event "SC Siegburg 1 - SVG Plettenberg 1"]
[Site "NRW-Klasse. Gruppe 2 2017/201"]
[Date "2017.12.17"]
[Round "4.6"]
[White "Varitski, Igor"]
[Black "Pieper, Dawid"]
[Result "1/2-1/2"]
[WhiteElo "2247"]
[BlackElo "2147"]
[PlyCount "44"]
[EventDate "2017.??.??"]
[WhiteTeam "SC Siegburg 1"]
[BlackTeam "SVG Plettenberg 1"]

1. e4 e5 2. Nf3 Nc6 3. d4 exd4 4. c3 d5 5. exd5 Qxd5 6. cxd4 Bg4 7. Be2 Bb4+ 8.
Nc3 Bxf3 9. Bxf3 Qc4 10. Bxc6+ bxc6 11. Qe2+ Qxe2+ 12. Kxe2 O-O-O 13. Be3 Ne7
14. Rhd1 Rhe8 15. Kf3 Nf5 16. g4 Nxe3 17. fxe3 Rd6 18. Rd3 Rf6+ 19. Kg2 Rg6 20.
Kf3 Rf6+ 21. Kg2 Rg6 22. Kf3 Rf6+ 1/2-1/2

[Event "SC Siegburg 1 - SVG Plettenberg 1"]
[Site "NRW-Klasse. Gruppe 2 2017/201"]
[Date "2017.12.17"]
[Round "4.7"]
[White "Winterkamp, Sascha"]
[Black "Okrajek, Alexander"]
[Result "0-1"]
[WhiteElo "1962"]
[BlackElo "2078"]
[PlyCount "103"]
[EventDate "2017.??.??"]
[WhiteTeam "SVG Plettenberg 1"]
[BlackTeam "SC Siegburg 1"]

1. d4 Nf6 2. Nf3 c5 3. c3 e6 4. e3 b6 5. Nbd2 Be7 6. Bd3 Ba6 7. Bxa6 Nxa6 8.
Qe2 Qc8 9. O-O Nc7 10. dxc5 bxc5 11. e4 d5 12. exd5 Ncxd5 13. Ne5 O-O 14. Ndc4
Nd7 15. Nxd7 Qxd7 16. Qf3 Qc7 17. Re1 Rad8 18. Qg4 Bf6 19. Bh6 Kh8 20. Bd2 Nb6
21. Bf4 Qc6 22. Ne5 Qb5 23. Rab1 c4 24. b3 cxb3 25. axb3 Nd7 26. c4 Qb7 27. Nd3
Rfe8 28. Qg3 e5 29. Be3 e4 30. Nc5 Nxc5 31. Bxc5 Bd4 32. Bxd4 Rxd4 33. Qc3 Red8
34. c5 Qc6 35. Qa5 R8d7 36. h3 h6 37. Rb2 f5 38. b4 f4 39. Rc2 a6 40. Ra2 Rd1
41. Rxd1 Rxd1+ 42. Kh2 e3 43. fxe3 fxe3 44. Qb6 Qe4 45. Qb8+ Kh7 46. Qg3 e2 47.
Rxe2 Qxe2 48. Qf4 Qd3 49. Qg4 Rc1 50. Qe6 Rc3 51. Qe5 Rc4 52. Qe6 0-1

[Event "SC Siegburg 1 - SVG Plettenberg 1"]
[Site "NRW-Klasse. Gruppe 2 2017/201"]
[Date "2017.12.17"]
[Round "4.8"]
[White "Breest, Axel"]
[Black "Oswald, Hans-Joachim"]
[Result "1/2-1/2"]
[WhiteElo "1872"]
[BlackElo "2193"]
[PlyCount "94"]
[EventDate "2017.??.??"]
[WhiteTeam "SC Siegburg 1"]
[BlackTeam "SVG Plettenberg 1"]

1. e4 d5 2. Nc3 d4 3. Nce2 e5 4. Ng3 Be6 5. Nf3 f6 6. c3 c5 7. Bb5+ Nc6 8. O-O
Qd7 9. cxd4 cxd4 10. d3 Bd6 11. Nf5 Bf8 12. Qa4 g6 13. N3xd4 exd4 14. Nxd4 Nge7
15. Bd2 Bf7 16. Rac1 Rc8 17. Rc2 Bg7 18. Nxc6 Nxc6 19. Rfc1 O-O 20. d4 a6 21.
Bf1 Rcd8 22. d5 Ne5 23. Qa3 Rc8 24. f4 Ng4 25. d6 Rxc2 26. Rxc2 Rd8 27. h3 Nh6
28. Bb4 Qe6 29. Qa5 Rd7 30. Rc8+ Bf8 31. e5 fxe5 32. fxe5 Qxa2 33. Ba3 Be6 34.
Qd2 Nf7 35. Qf4 Qb1 36. g4 Qe1 37. Re8 Bd5 38. Bb4 g5 39. Bxe1 gxf4 40. e6 Bxe6
41. Rxe6 Rxd6 42. Bc4 Rxe6 43. Bxe6 Bc5+ 44. Kg2 Bd4 45. b3 Kg7 46. Bc8 Nd6 47.
Bd7 Ne4 1/2-1/2

[Event "Südlohner SV 1 - SV Kamen 1"]
[Site "NRW-Klasse. Gruppe 2 2017/201"]
[Date "2017.12.17"]
[Round "4.1"]
[White "Weidemann, Christian"]
[Black "Kolakovic, Klaudio"]
[Result "1/2-1/2"]
[WhiteElo "2278"]
[BlackElo "1991"]
[PlyCount "65"]
[EventDate "2017.??.??"]
[WhiteTeam "SV Kamen 1"]
[BlackTeam "Südlohner SV 1"]

1. e4 e5 2. f4 exf4 3. Nf3 d5 4. exd5 Bd6 5. Bb5+ Bd7 6. Bxd7+ Nxd7 7. O-O Ne7
8. c4 O-O 9. d4 c6 10. dxc6 bxc6 11. Nc3 Ng6 12. Ne4 Nf6 13. Nxd6 Qxd6 14. Qd3
Rfe8 15. Bd2 Re4 16. Rae1 Rae8 17. Rxe4 Rxe4 18. Re1 Rxe1+ 19. Bxe1 Qe6 20. Bd2
Ne4 21. Ne5 Nxd2 22. Qxd2 Nxe5 23. dxe5 f6 24. Qxf4 fxe5 25. Qe4 Qd6 26. h3 a5
27. Kh2 g6 28. b3 Kg7 29. a3 Kf7 30. h4 Qd4 31. Qxc6 Qxh4+ 32. Kg1 Qe1+ 33. Kh2
1/2-1/2

[Event "Südlohner SV 1 - SV Kamen 1"]
[Site "NRW-Klasse. Gruppe 2 2017/201"]
[Date "2017.12.17"]
[Round "4.2"]
[White "Voelker, Christian"]
[Black "Himmel, Hansjoerg"]
[Result "1-0"]
[WhiteElo "2026"]
[BlackElo "2205"]
[PlyCount "169"]
[EventDate "2017.??.??"]
[WhiteTeam "Südlohner SV 1"]
[BlackTeam "SV Kamen 1"]

1. e4 c5 2. Nc3 Nc6 3. Bb5 Nd4 4. Nf3 g6 5. Ba4 Bg7 6. O-O a6 7. Nxd4 cxd4 8.
Ne2 e6 9. d3 Ne7 10. Bd2 O-O 11. Qe1 d5 12. f3 a5 13. Qh4 Bd7 14. Bxd7 Qxd7 15.
Bh6 Rac8 16. Bxg7 Kxg7 17. Rac1 dxe4 18. fxe4 Rc5 19. Qf6+ Kg8 20. Nxd4 Nc6 21.
Nxc6 Qxc6 22. c3 a4 23. a3 Rh5 24. Rcd1 Qd6 25. g3 Qb6+ 26. Rf2 Rb5 27. Rdd2
Qc7 28. d4 Rd8 29. e5 Rd7 30. h4 Rbd5 31. h5 Qd8 32. hxg6 hxg6 33. Qf4 b5 34.
Rde2 Qf8 35. g4 Qg7 36. g5 Kf8 37. Re3 Ke7 38. Ref3 Kd8 39. Qf6+ Qxf6 40. Rxf6
Ke8 41. Rh2 Kf8 42. Rf3 Rd8 43. Rfh3 Ke7 44. Rh8 R5d7 45. Kf2 Rb7 46. Ke3 Rbb8
47. R8h7 Rf8 48. R2h6 Ke8 49. Kd3 Rc8 50. Kc2 Ra8 51. Rh8 Kd7 52. Rxf8 Rxf8 53.
Kd3 Kc6 54. Ke4 Rd8 55. Rh2 Kb6 56. Rf2 Rd7 57. Rf6 Kc7 58. Rf1 Kc6 59. Rh1 Kb6
60. Rh8 Kc7 61. Rf8 Kb7 62. Kd3 Ka7 63. Kc2 Kb7 64. b3 axb3+ 65. Kxb3 Kc6 66.
Rb8 Ra7 67. Rd8 Ra4 68. Rc8+ Kd7 69. Rf8 Ke7 70. Rb8 Ra5 71. Rb7+ Ke8 72. Kb4
Ra4+ 73. Kxb5 Rxa3 74. Kc4 Ra1 75. Kc5 Rg1 76. Kd6 Kf8 77. Rb8+ Kg7 78. Rb2
Rxg5 79. c4 Rg1 80. Rd2 g5 81. c5 g4 82. c6 Kg6 83. Rc2 Rd1 84. c7 Rxd4+ 85.
Ke7 1-0